[Event "Summer Cup"]
[Site "Wellington Chess Club"]
[Date "2012.04.04"]
[Round "8"]
[White "Nyberg, Michael"]
[Black "Nijman, Brian"]
[Result "1-0"]
[WhiteElo "2087"]
[BlackElo "2199"]

1. e4 e6 2. d4 d5 3. Nd2 c5 4. c3 Nc6 5. Ngf3 Qb6 6. exd5 exd5 7. Nb3 c4 8.
Nbd2 Qc7 9. Be2 Bd6 10. O-O Nge7 11. Re1 O-O 12. Nf1 b5 13. b3 Bf5 14. Ne3 Be4
15. h3 h6 16. a4 a6 17. b4 Nf5 18. Nxf5 Bxf5 19. Be3 bxa4 20. Rxa4 Na7 21. Rxa6
Nb5 22. Rxa8 Rxa8 23. Qc1 Ra2 24. Bxh6 gxh6 25. Qxh6 Bf4 26. Qf6 Be6 27. Bxc4
dxc4 28. d5 Qa7 29. Qh4 Rxf2 30. Kh1 Rxf3 31. gxf3 Qc7 32. Rg1+ Kf8 33. dxe6
Be5 34. e7+ 1-0

[Event "Summer Cup"]
[Site "Wellington Chess Club"]
[Date "2012.04.04"]
[Round "8"]
[White "Stoeveken, Peter"]
[Black "Sellen, Ian"]
[Result "0-1"]
[WhiteElo "1901"]
[BlackElo "2069"]

1. e4 e6 2. d4 d5 3. Nd2 Nf6 4. e5 Nfd7 5. c4 c5 6. cxd5 exd5 7. Bb5 Nc6 8.
Ngf3 Qb6 9. Qe2 Nxd4 10. Nxd4 cxd4 11. O-O Be7 12. Bd3 Nc5 13. f4 Bd7 14. Rd1
Nxd3 15. Qxd3 Bb5 16. Qg3 Be2 17. Re1 d3+ 18. Kh1 Bc5 19. Qxg7 (19. Nb3 Bf2 20.
Qxg7 O-O-O 21. Rxe2 dxe2 22. Qg4+ Kb8 23. Qxe2) 19... O-O-O 20. Rxe2 dxe2 21.
Qg4+ Kb8 22. Qxe2 Rhg8 23. a3 Qg6 24. b4 Bd4 25. Ra2 Rc8 26. Nb3 Qb1 27. Rd2
Qxb3 0-1

[Event "Summer Cup"]
[Site "Wellington Chess Club"]
[Date "2012.04.04"]
[Round "8"]
[White "Whittle, Jonathon"]
[Black "Theodosiou, Andreas"]
[Result "1-0"]
[WhiteElo "1700"]
[BlackElo "1238"]

1. Nf3 d5 2. c4 c6 3. g3 Nf6 4. Bg2 Bg4 5. O-O Qd7 6. Re1 Qc7 7. b3 e5 8. d3
Bc5 9. Bb2 Nbd7 10. d4 Bd6 11. c5 Be7 12. dxe5 Ne4 13. b4 O-O 14. Nbd2 Rad8 15.
Qc2 Bf5 16. Nd4 Nxe5 17. Nxf5 Nxd2 18. Qxd2 Bf6 19. Nd6 b6 20. e4 bxc5 21. bxc5
Nc4 22. Nxc4 Bxb2 23. Nxb2 dxe4 24. Qc2 f5 25. Nc4 Rd5 26. Nd6 Qa5 27. Rac1 Rd2
28. Qc4+ Kh8 29. Nf7+ Kg8 30. Nh6+ Kh8 31. Qg8+ Rxg8 32. Nf7# 1-0

[Event "Autumn Cup"]
[Site "Wellington Chess Club"]
[Date "2012.05.01"]
[Round "1"]
[White "Anderson, Gordon"]
[Black "Timergazi, Layla"]
[Result "0-1"]
[WhiteElo "1652"]
[BlackElo "1648"]

1. d4 c6 2. Nf3 d5 3. Nc3 Nf6 4. Bg5 Bf5 5. Bxf6 exf6 6. Nh4 Be6 7. a3 Nd7 8.
Nf3 Bd6 9. e4 dxe4 10. Nxe4 Nb6 11. Nxd6+ Qxd6 12. b3 Bg4 13. Be2 Rd8 14. c3
O-O 15. O-O c5 16. dxc5 Qxc5 17. Qc1 Rfe8 18. Re1 h6 19. h3 Bh5 20. Qb2 Nd5 21.
c4 Nf4 22. Kf1 Bxf3 (22... Rxe2 23. Rxe2 Bxf3 24. gxf3 Qg5 { Winning with
threat of Qg2+} ) 23. Bxf3 Rxe1+ 24. Rxe1 Qd6 25. Rd1 Qxd1+ 0-1

[Event "Autumn Cup"]
[Site "Wellington Chess Club"]
[Date "2012.05.01"]
[Round "1"]
[White "Farrington, Lawrence"]
[Black "Brockway, Andrew"]
[Result "1/2-1/2"]
[WhiteElo "1767"]
[BlackElo "1813"]

1. e4 c5 2. c3 g6 3. Nf3 Bg7 4. d4 cxd4 5. cxd4 d5 6. e5 Nc6 7. Nc3 Bg4 8. Be2
e6 9. h3 Bxf3 10. Bxf3 Nge7 11. O-O Qb6 12. Be3 O-O 13. Na4 Qd8 14. Nc3 Na5 15.
b3 Nac6 16. Bg4 Qd7 17. Na4 b6 18. Bg5 f6 19. exf6 Bxf6 20. Bxf6 Rxf6 21. Re1
Nf5 22. Bxf5 exf5 23. Qd2 Kg7 24. Re2 Re8 25. Rae1 Rfe6 26. Rxe6 Rxe6 27. Rxe6
Qxe6 28. Qe3 Kf6 29. Nc3 Qxe3 30. fxe3 Ke6 31. g3 g5 1/2-1/2

[Event "Autumn Cup"]
[Site "Wellington Chess Club"]
[Date "2012.05.01"]
[Round "1"]
[White "Forster, Bill"]
[Black "Aldridge, Alan"]
[Result "1-0"]
[WhiteElo "2041"]
[BlackElo "1934"]

1. Nf3 g6 2. e4 Bg7 3. d4 d6 4. Nc3 Nd7 5. Bc4 e6 6. Bg5 Ne7 7. Qd2 O-O 8. Bh6
d5 9. Bxg7 Kxg7 10. exd5 Nb6 11. Bd3 exd5 12. h4 h5 13. O-O-O Bf5 14. Ne5 Bxd3
15. Qxd3 Nc6 16. g4 Nxe5 17. dxe5 hxg4 18. Rdg1 Qd7 19. Qd4 c5 20. Qxc5 Rac8
21. Qd6 Qf5 22. Qf6+ Qxf6 23. exf6+ Kxf6 24. Rxg4 Rc4 25. Nxd5+ Kg7 26. Rxc4
Nxc4 27. Re1 Rh8 28. Re4 Nd6 29. Ra4 a6 30. Ne3 Kf6 31. Kd2 Rd8 32. Ke2 Nf5 33.
Nxf5 Kxf5 34. Kf3 Rd5 35. Rc4 Rd7 36. Rc5+ Kf6 37. h5 gxh5 38. Rxh5 Re7 39. c4
Rc7 40. b3 Re7 41. Rd5 Kg6 42. c5 Kg7 43. b4 Re1 44. Rd7 Ra1 45. Rxb7 Rxa2 46.
c6 Rc2 47. Rb6 Rc4 48. Ke3 Rh4 49. f4 Rh3+ 50. Kd4 {Black lost on time} 1-0

[Event "Autumn Cup"]
[Site "Wellington Chess Club"]
[Date "2012.05.01"]
[Round "1"]
[White "Frater, Dylan"]
[Black "Theodosiou, Andreas"]
[Result "1-0"]
[WhiteElo "1586"]
[BlackElo "1231"]

1. d4 d5 2. c4 Nf6 3. c5 e6 4. Bf4 b6 5. b4 Nc6 6. e3 a6 7. Nc3 Nxb4 8. Qa4+
Bd7 9. Qxb4 a5 10. Qb2 bxc5 11. Nb5 Bd6 12. Nxd6+ cxd6 13. Bxd6 cxd4 14. Qxd4
Rc8 15. Nf3 Rc6 16. Ba3 Qc7 17. Ne5 Rc3 18. Bb2 Rc5 19. Bd3 O-O 20. Nxd7 e5 21.
Nxf6+ gxf6 22. Qg4+ Kh8 23. Bf5 d4 24. Qh5 1-0

[Event "Autumn Cup"]
[Site "Wellington Chess Club"]
[Date "2012.05.01"]
[Round "1"]
[White "Marney, John"]
[Black "Whittle, Jonathon"]
[Result "0-1"]
[WhiteElo "1640"]
[BlackElo "1605"]

1. e4 g6 2. d4 Bg7 3. Nf3 d6 4. Be3 Nf6 5. Bd3 O-O 6. h3 h6 7. Nbd2 Nc6 8. c3
Nh5 9. Qc2 e5 10. O-O-O exd4 11. Nxd4 Ne5 12. Be2 Nf6 13. f4 Ned7 14. g4 Re8
15. g5 c5 16. N4f3 Nh5 17. Rhg1 d5 18. gxh6 Bxh6 19. Ng5 d4 20. cxd4 cxd4 21.
Bxd4 Nxf4 22. Ndf3 Nxe2+ 23. Qxe2 Nf6 24. Bc3 Qb6 25. Kb1 Bf5 26. Nxf7 Bxe4+
27. Ka1 Kxf7 28. Qc4+ Kg7 29. Rd7+ Kh8 30. Qf7 g5 31. Rxg5 Rf8 32. Qh7+ Bxh7
33. Rh5 Bg7 34. Bd4 Qc6 0-1

[Event "Autumn Cup"]
[Site "Wellington Chess Club"]
[Date "2012.05.01"]
[Round "1"]
[White "Nijman, Brian"]
[Black "Ker, Anthony"]
[Result "0-1"]
[WhiteElo "2155"]
[BlackElo "2451"]

1. e3 Nf6 2. d4 d5 3. Bd3 c5 4. c3 Nc6 5. f4 Bg4 6. Nf3 e6 7. Nbd2 Bd6 8. Qa4
cxd4 9. exd4 Bxf4 10. O-O O-O 11. b4 Qc7 12. b5 Na5 13. Ba3 Rfc8 14. Bb4 Nc4
15. Nxc4 dxc4 16. Bb1 Bxf3 17. Rxf3 Bxh2+ 18. Kh1 Ng4 19. Qc2 f5 20. a4 Bg3 21.
d5 Qe5 22. Ba2 f4 23. Kg1 Qh5 24. Qe4 exd5 25. Qe6+ Kh8 26. Rxg3 fxg3 27. Re1
Rf8 0-1

[Event "Autumn Cup"]
[Site "Wellington Chess Club"]
[Date "2012.05.01"]
[Round "1"]
[White "Roberts, Michael"]
[Black "Hewson, Michael"]
[Result "0-1"]
[WhiteElo "1868"]
[BlackElo "1799"]

1. d4 Nf6 2. c4 c5 3. d5 b5 4. cxb5 a6 5. b6 Qxb6 6. Nc3 d6 7. g3 g6 8. Bg2 Bg7
9. Nf3 O-O 10. O-O Nbd7 11. Qc2 Ng4 12. a4 Bb7 13. e4 Nge5 14. a5 Qc7 15. Nxe5
Nxe5 16. Ra4 Rab8 17. f4 Nd7 18. Kh1 Ba8 19. Nd1 Rb5 20. Bd2 Rc8 21. Ne3 Rxb2
22. Qc1 Rcb8 23. Nc4 R2b3 24. Qc2 e6 25. Re1 exd5 26. exd5 R3b7 27. f5 Be5 28.
fxg6 fxg6 29. Bh6 Rb4 30. Ra3 Qd8 31. Qd3 Qe7 32. Bh3 Nf6 33. Be6+ Qxe6 0-1

[Event "Autumn Cup"]
[Site "Wellington Chess Club"]
[Date "2012.05.01"]
[Round "1"]
[White "Sellen, Ian"]
[Black "Meyer, Marany"]
[Result "1/2-1/2"]
[WhiteElo "2069"]
[BlackElo "2065"]

1. c4 d6 2. Nf3 g6 3. d4 Bg7 4. Nc3 Nf6 5. e4 O-O 6. Be2 Bg4 7. Be3 c6 8. Qd2
d5 9. cxd5 cxd5 10. e5 Ne4 11. Qc2 Nxc3 12. bxc3 Nc6 13. h3 Bf5 14. Bd3 Bxd3
15. Qxd3 Rc8 16. O-O Na5 17. Nd2 Nc4 18. Nxc4 Rxc4 19. Rab1 Qc7 20. Rb3 Rc8 21.
Bd2 b6 22. Rfb1 e6 1/2-1/2

[Event "Autumn Cup"]
[Site "Wellington Chess Club"]
[Date "2012.05.01"]
[Round "1"]
[White "Shierlaw, Hamish"]
[Black "Cook, John"]
[Result "1-0"]
[WhiteElo "1591"]
[BlackElo "1648"]

1. e4 c5 2. Nf3 Nc6 3. d4 d6 4. Nc3 Bg4 5. d5 Nd4 6. Be2 Bxf3 7. Bxf3 g6 8. O-O
Bg7 9. Be3 Qb6 10. Rb1 a5 11. Na4 Qc7 12. b3 b5 13. Nb2 Qb6 14. c4 b4 15. Re1
e5 16. dxe6 fxe6 17. Bg4 e5 18. Kh1 Nf6 19. Bg5 O-O 20. Nd3 Qc6 21. Bxf6 Rxf6
22. Qd2 Raf8 23. Kg1 Qe8 24. Rf1 R8f7 25. Rbe1 Qf8 26. Bd1 Bh6 27. Qb2 Ne6 28.
Bg4 Kh8 29. Bxe6 Rxe6 30. Qe2 Ref6 31. Rd1 Bf4 32. f3 Qh6 33. Nxf4 Qxf4 34. Rd5
Re6 35. Rfd1 Rd7 36. Rxc5 Ra7 37. Rcd5 Qf8 38. Qd2 a4 39. Qxb4 axb3 40. axb3
Ra6 41. Qb5 Qa8 42. Qd7 Rf6 43. Rxd6 Rfxd6 44. Rxd6 Ra1+ 45. Rd1 Qa5 46. Rxa1
Qxa1+ 47. Kf2 Qb2+ 48. Kg3 Qxb3 49. Qe8+ Kg7 50. Qxe5+ Kh6 51. Qb5 Qe3 52. h3
g5 53. Qc6+ Kh5 54. Qe8+ Kh6 55. Qe6+ Kh5 56. Qg4+ Kh6 57. h4 Qe1+ 58. Kh3 Qh1+
59. Kg3 Qe1+ 60. Kh2 gxh4 61. Qe6+ Kg5 62. Qe7+ Kg6 63. Qd6+ Kg7 64. c5 h3 65.
Qg3+ 1-0

[Event "Autumn Cup"]
[Site "Wellington Chess Club"]
[Date "2012.05.01"]
[Round "1"]
[White "Stone, Andrew"]
[Black "Jackson, Ross"]
[Result "1-0"]
[WhiteElo "1963"]
[BlackElo "2060"]

1. e4 c5 2. d4 cxd4 3. c3 dxc3 4. Nxc3 d6 5. Bc4 e6 6. Nf3 Be7 7. O-O Nf6 8.
Qe2 a6 9. Rd1 Qc7 10. Bf4 Nh5 11. Be3 b5 12. Bxb5+ axb5 13. Qxb5+ Bd7 14. Qxh5
Ra5 15. e5 O-O 16. Rac1 dxe5 17. Nd5 Rxd5 18. Rxd5 Qb7 19. Rd2 f6 20. Rdc2 Na6
21. Rc4 e4 22. Nd4 Qxb2 23. Qa5 Ra8 24. Nc6 Bd6 25. Qd2 Qxd2 26. Bxd2 e5 27. h3
Be6 28. Ra4 Bd7 29. Ra5 Kf7 30. Nb4 Nc7 31. Rxc7 Rxa5 32. Rxd7+ Ke6 33. Rxg7
Bxb4 34. Bxb4 Rxa2 35. Rxh7 Ra1+ 36. Kh2 Rb1 37. Bc5 f5 38. h4 f4 39. h5 Rb3
40. h6 e3 41. fxe3 fxe3 42. Re7+ Kf6 43. h7 Rb8 44. Bd6 Rh8 45. Bxe5+ 1-0

[Event "Autumn Cup"]
[Site "Wellington Chess Club"]
[Date "2012.05.01"]
[Round "1"]
[White "Veldhuizen, Matt"]
[Black "Palmer, Luke"]
[Result "1-0"]
[WhiteElo "1537"]
[BlackElo "1140"]

1. c4 e5 2. Nc3 Nc6 3. d3 Bb4 4. Bd2 Bxc3 5. Bxc3 d6 6. g3 Nf6 7. Bg2 O-O 8.
Nf3 Qe8 9. O-O h6 10. Re1 Bf5 11. a3 Rd8 12. Qb3 Rb8 13. Qd1 e4 14. Nd4 Nxd4
15. Bxd4 Qe7 16. Bxf6 Qxf6 17. dxe4 Bd7 18. b3 Rfe8 19. Qc2 Qg6 20. Qd2 Bc6 21.
f3 Rbd8 22. Rad1 Re7 23. Qd4 b6 24. b4 Ba4 25. Rc1 c5 26. Qd2 Red7 27. b5 Bb3
28. Qb2 Ba4 29. f4 Qe6 30. e3 Ra8 31. e5 dxe5 32. Bxa8 exf4 33. exf4 Qf5 34.
Re8+ Kh7 35. Be4 Qxe4 36. Rxe4 Rd8 37. Qb1 g6 38. Re7 Kg8 39. Rxa7 Rf8 40. Rxa4
1-0

[Event "Autumn Cup"]
[Site "Wellington Chess Club"]
[Date "2012.05.01"]
[Round "1"]
[White "Wastney, Scott"]
[Black "Dive, Russell"]
[Result "0-1"]
[WhiteElo "2388"]
[BlackElo "2429"]

1. e4 Nf6 2. Nc3 d5 3. e5 Ne4 4. Nxe4 dxe4 5. d4 exd3 6. Bxd3 Nc6 7. Nf3 Nb4 8.
Bb5+ Bd7 9. Bxd7+ Qxd7 10. Bd2 e6 11. O-O Rd8 12. Qe2 Qc6 13. Rfd1 h6 14. c4
Be7 15. Bxb4 Rxd1+ 16. Rxd1 Bxb4 17. a3 Be7 18. b4 Qa4 19. Rd3 a5 20. Qe4 axb4
21. c5 Bxc5 22. Nd2 O-O 23. Nb3 Qxa3 24. h4 Bb6 25. Rg3 Qb2 26. Rf3 Rd8 27. Qf4
Rd7 28. Rg3 Bxf2+ 0-1

[Event "Autumn Cup"]
[Site "Wellington Chess Club"]
[Date "2012.05.08"]
[Round "2"]
[White "Aldridge, Alan"]
[Black "Jackson, Ross"]
[Result "1-0"]
[WhiteElo "1934"]
[BlackElo "2060"]

1. d4 d5 2. c4 e6 3. Nc3 c6 4. Nf3 Nf6 5. Bg5 Nbd7 6. e3 Bb4 7. Nd2 Qa5 8. Qc2
dxc4 9. Bxf6 Nxf6 10. Bxc4 Nd5 11. Rc1 O-O 12. O-O Nxc3 13. bxc3 Ba3 14. Rb1 b5
15. Bd3 h6 16. c4 Bd7 17. c5 Qc7 18. f4 a5 19. Rf3 a4 20. Rg3 f6 21. Nf3 Be8
22. Nh4 g5 23. Rf1 Bb4 24. fxg5 fxg5 25. Rxf8+ Kxf8 26. Qf2+ Kg7 27. Nf3 Qf7
28. h4 Kf8 29. hxg5 hxg5 30. Rxg5 Ke7 31. Qh4 Qf6 32. Ne5 Kd8 33. Nxc6+ 1-0

[Event "Autumn Cup"]
[Site "Wellington Chess Club"]
[Date "2012.05.08"]
[Round "2"]
[White "Brockway, Andrew"]
[Black "Roberts, Michael"]
[Result "1/2-1/2"]
[WhiteElo "1813"]
[BlackElo "1789"]

1. e4 e5 2. Nf3 Nc6 3. Bb5 a6 4. Bxc6 dxc6 5. O-O Bd6 6. d4 exd4 7. Qxd4 Bf8 8.
Qxd8+ Kxd8 9. Rd1+ Ke8 10. Bf4 Bg4 11. Bxc7 Nf6 12. Nc3 Bb4 13. Re1 Kd7 14. Bb6
Rae8 15. Rad1+ Kc8 16. Rd4 c5 17. Rd6 Bxc3 18. bxc3 Nxe4 19. Rd5 Re6 20. Bxc5
Nxc3 21. Rxe6 Bxe6 22. Rd3 Nxa2 23. h3 Rd8 24. Ra3 Rd1+ 25. Kh2 f6 26. Nd4 Bf7
27. Nf5 Kc7 28. Nxg7 Rd2 29. Re3 Bd5 30. Re7+ Kc6 31. Be3 Rxc2 32. Nf5 Rb2 33.
Nd4+ Kd6 34. Nf5+ 1/2-1/2

[Event "Autumn Cup"]
[Site "Wellington Chess Club"]
[Date "2012.05.08"]
[Round "2"]
[White "Cook, John"]
[Black "Whittle, Jonathon"]
[Result "0-1"]
[WhiteElo "1648"]
[BlackElo "1605"]

1. d4 g6 2. e3 Bg7 3. Nf3 d6 4. c4 a6 5. Nc3 Nd7 6. Be2 b6 7. O-O e6 8. e4 Ne7
9. Bg5 h6 10. Bh4 g5 11. Bg3 Ng6 12. h3 e5 13. dxe5 Ndxe5 14. Nxe5 Nxe5 15. f4
gxf4 16. Bxf4 Qh4 17. Bxe5 Bxe5 18. Qd5 Be6 19. Qd3 Rg8 20. Bg4 Rxg4 21. hxg4
Bh2+ 0-1

[Event "Autumn Cup"]
[Site "Wellington Chess Club"]
[Date "2012.05.08"]
[Round "2"]
[White "Dive, Russell"]
[Black "Ker, Anthony"]
[Result "1-0"]
[WhiteElo "2429"]
[BlackElo "2451"]

1. Nf3 d6 2. c4 e5 3. Nc3 f5 4. e4 Nf6 5. exf5 Bxf5 6. Qb3 Nbd7 7. d4 exd4 8.
Nxd4 Nc5 9. Qd1 Qe7+ 10. Be3 g6 11. Nxf5 gxf5 12. Be2 O-O-O 13. O-O Rg8 14. b4
Nce4 15. Nd5 Qg7 16. Bf3 Ng4 17. Qc2 c6 18. Bxg4 Qxg4 19. f3 Qg7 20. fxe4 cxd5
21. cxd5+ Kb8 22. exf5 Be7 23. Qf2 b6 24. Rac1 Bg5 25. Bxg5 Qxg5 26. Rc3 Qg4
27. a3 Qe4 28. Qf3 Qd4+ 29. Kh1 Rdf8 30. Rd3 Qf6 31. Qf4 Rg5 32. Rdf3 Rfg8 33.
Rg3 Rxg3 34. hxg3 h5 35. Re1 Rg5 36. Re8+ Kb7 37. Qc4 Qxf5 38. Re7+ Ka8 39.
Qc6+ 1-0

[Event "Autumn Cup"]
[Site "Wellington Chess Club"]
[Date "2012.05.08"]
[Round "2"]
[White "Forster, Bill"]
[Black "Sellen, Ian"]
[Result "1-0"]
[WhiteElo "2041"]
[BlackElo "2069"]

1. Nf3 d5 2. c4 e6 3. b3 Nf6 4. Bb2 c5 5. g3 Be7 6. Bg2 O-O 7. O-O Nbd7 8. d3
a5 9. e3 a4 10. Na3 Nb6 11. Qe2 Nfd7 12. Nb5 Bf6 13. d4 Ra6 14. Rfd1 cxd4 15.
Nfxd4 dxc4 16. bxc4 Na8 17. Rab1 Be7 18. Bc3 Bc5 19. Rd2 Qe7 20. Nc2 e5 21. Nb4
Rh6 22. Nd5 Qg5 23. Bb4 Kh8 24. Rbd1 Bxb4 25. Nxb4 Nab6 26. Nd6 Nc5 27. Nxf7+
1-0

[Event "Autumn Cup"]
[Site "Wellington Chess Club"]
[Date "2012.05.08"]
[Round "2"]
[White "Frater, Dylan"]
[Black "Veldhuizen, Matt"]
[Result "0-1"]
[WhiteElo "1586"]
[BlackElo "1537"]

1. d4 f5 2. c4 Nf6 3. c5 e6 4. Nf3 b6 5. b4 Bb7 6. Bg5 Be7 7. e3 a6 8. Nc3 O-O
9. Bd3 d6 10. Qb3 d5 11. Qd1 b5 12. O-O Ne4 13. Bxe7 Qxe7 14. Ne2 c6 15. Bxe4
fxe4 16. Ne5 Nd7 17. f4 Nxe5 18. dxe5 Bc8 19. Nd4 Bd7 20. Qg4 a5 21. a3 a4 22.
h4 Rf7 23. Kf2 h6 24. Rh1 Kh7 25. Rh3 Rg8 26. h5 g5 27. hxg6+ Rxg6 28. Qe2 Qf8
29. g4 Rfg7 30. Nxe6 Bxe6 31. f5 Bxf5 32. Kg2 Bxg4 33. Rg1 Bxe2+ 0-1

[Event "Autumn Cup"]
[Site "Wellington Chess Club"]
[Date "2012.05.08"]
[Round "2"]
[White "Meyer, Marany"]
[Black "Stone, Andrew"]
[Result "0-1"]
[WhiteElo "2065"]
[BlackElo "1963"]

1. e4 c6 2. Nf3 d5 3. exd5 cxd5 4. d4 g6 5. Bd3 Bg7 6. O-O Nf6 7. Re1 Nc6 8. c3
O-O 9. Nbd2 Re8 10. Nf1 Bg4 11. Be3 e5 12. dxe5 Nxe5 13. Be2 Nc4 14. Qb3 Qc7
15. Rad1 Rad8 16. h3 Bc8 17. Bxa7 Ne4 18. Bd4 Bh6 19. Qc2 Ncd6 20. Be3 Bg7 21.
Rxd5 Be6 22. Rdd1 Bxa2 23. Nd4 Bc4 24. Nd2 Nxd2 25. Rxd2 b5 26. Nf3 Nf5 27.
Bxc4 Qxc4 28. Rxd8 Rxd8 29. Bc1 b4 30. Qa4 Bf8 31. Ne5 Qd5 32. cxb4 Nh4 33. Qc6
Bxb4 34. Rf1 Qxe5 35. g3 Nf5 36. Bf4 Qxb2 37. Qb6 Qd4 38. Qxd4 Rxd4 39. Be3
Nxe3 40. fxe3 Rd2 41. Rf2 Rxf2 42. Kxf2 Bc5 43. Kf3 f5 44. e4 fxe4+ 45. Kxe4
Kg7 46. Kf4 Kf6 47. g4 Bd6+ 48. Kf3 Kg5 49. Kg2 Kh4 50. Kf3 Kxh3 0-1

[Event "Autumn Cup"]
[Site "Wellington Chess Club"]
[Date "2012.05.08"]
[Round "2"]
[White "Nicholls, Alistair"]
[Black "Farrington, Lawrence"]
[Result "1-0"]
[WhiteElo "1760"]
[BlackElo "1767"]

1. e4 e5 2. f4 d5 3. exd5 e4 4. d3 Nf6 5. Nc3 Bb4 6. Ne2 O-O 7. a3 Bxc3+ 8.
Nxc3 Re8 9. Be2 c6 10. dxe4 Nxe4 11. Nxe4 Rxe4 12. O-O cxd5 13. Bd3 Re8 14. f5
f6 15. Qh5 Nc6 16. c3 Qe7 17. Bf4 Qf7 18. Qh4 Ne7 19. Bd2 Bd7 20. Rf3 Rac8 21.
Rh3 Bxf5 22. Bxf5 Nxf5 23. Qxh7+ Kf8 24. Qxf5 1-0

[Event "Autumn Cup"]
[Site "Wellington Chess Club"]
[Date "2012.05.08"]
[Round "2"]
[White "Pomeroy, Arthur"]
[Black "Nijman, Brian"]
[Result "1-0"]
[WhiteElo "2111"]
[BlackElo "2155"]

1. e4 c6 2. d4 d5 3. e5 c5 4. dxc5 e6 5. Be3 Nh6 6. c3 Nf5 7. Bd4 Bd7 8. Nf3
Nc6 9. b4 Nfxd4 10. Nxd4 Nxe5 11. f4 Ng6 12. g3 a5 13. Bg2 axb4 14. cxb4 b6 15.
c6 Bxb4+ 16. Nd2 Bc8 17. O-O O-O 18. Kh1 Bc3 19. N2b3 Ba6 20. Qh5 Bxa1 21. Rxa1
Bd3 22. f5 exf5 23. Nxf5 Be4 24. Bxe4 dxe4 25. Rd1 Qe8 26. Nbd4 e3 27. Nd6 e2
28. Nxe8 exd1=Q+ 29. Qxd1 Rfxe8 30. c7 Rxa2 31. Nf5 Ne5 32. c8=Q Rxc8 33. Ne7+
Kf8 34. Nxc8 Ke8 35. Nd6+ Ke7 36. Nf5+ Kf6 37. Ne3 Ke7 38. Nd5+ Ke6 39. Nxb6
Rb2 40. Qd5+ Kf5 41. Nc4 f6 42. Nxb2 1-0

[Event "Autumn Cup"]
[Site "Wellington Chess Club"]
[Date "2012.05.08"]
[Round "2"]
[White "Shierlaw, Hamish"]
[Black "Anderson, Gordon"]
[Result "1/2-1/2"]
[WhiteElo "1591"]
[BlackElo "1652"]

1. e4 d6 2. d4 g6 3. Nf3 Bg4 4. h3 Bxf3 5. Qxf3 Bg7 6. Bc4 e6 7. Be3 Qf6 8. Nd2
a6 9. a4 Qxf3 10. Nxf3 Nf6 11. e5 dxe5 12. Nxe5 O-O 13. O-O Nd5 14. Bxd5 exd5
15. Bf4 c6 16. Rfe1 f6 17. Nd3 Kf7 18. Bd6 Rd8 19. Bb4 Bf8 20. Bxf8 Rxf8 21.
Re3 Re8 22. Rxe8 Kxe8 23. Re1+ Kf7 24. Nc5 b6 25. Ne6 Nd7 26. Nc7 Ra7 27. Ne6
Ra8 28. Kf1 Re8 29. Nf4 Rxe1+ 30. Kxe1 Nf8 31. Nd3 Ne6 32. c3 c5 33. dxc5 Nxc5
34. Nb4 Nxa4 35. Nxd5 Nxb2 36. Nxb6 a5 37. Kd2 a4 38. c4 a3 39. Kc2 Nd3 40. Kb3
Nxf2 41. Kxa3 Nd3 42. Nd5 f5 43. Kb3 Ke6 44. Kc3 Nc5 45. Kd4 Nb3+ 46. Kc3 Nc5
47. Kd4 Nb3+ 48. Kc3 1/2-1/2

[Event "Autumn Cup"]
[Site "Wellington Chess Club"]
[Date "2012.05.08"]
[Round "2"]
[White "Stoeveken, Peter"]
[Black "Hewson, Michael"]
[Result "1/2-1/2"]
[WhiteElo "1888"]
[BlackElo "1799"]

1. d4 Nf6 2. c4 c5 3. d5 b5 4. Nc3 bxc4 5. e4 d6 6. Bxc4 g6 7. Nf3 Bg7 8. e5
dxe5 9. Nxe5 O-O 10. Nd3 Na6 11. Be3 Qa5 12. O-O Rd8 13. Qe2 Nb4 14. Nxc5 Nfxd5
15. Qf3 Bg4 16. Qxg4 Nxe3 17. fxe3 Qxc5 18. Rxf7 Qxe3+ 19. Kh1 Kh8 20. Qh4 Rd4
21. Qe1 Qxe1+ 22. Rxe1 Rxc4 23. Rexe7 Rf8 24. Rxf8+ Bxf8 25. Rxa7 Rf4 26. g3
Rf2 27. a3 Nc6 28. Rc7 Ne5 29. Ne4 Rf7 30. Rxf7 Nxf7 31. b4 Nd6 32. Nxd6 Bxd6
33. Kg2 Kg7 34. Kf3 Kf6 35. Kg4 h5+ 36. Kf3 h4 37. gxh4 Bxh2 38. b5 Bc7 39. Kg4
Ba5 40. Kf4 Bc7+ 41. Kg4 Ba5 1/2-1/2

[Event "Autumn Cup"]
[Site "Wellington Chess Club"]
[Date "2012.05.08"]
[Round "2"]
[White "Timergazi, Layla"]
[Black "Marney, John"]
[Result "1-0"]
[WhiteElo "1648"]
[BlackElo "1627"]

1. d4 d5 2. c4 e6 3. Nc3 Nf6 4. Nf3 Be7 5. cxd5 exd5 6. g3 O-O 7. Bg2 Re8 8.
O-O Nbd7 9. Bf4 c6 10. Rc1 Nf8 11. Qc2 Ng6 12. Be5 h6 13. Rfd1 Bf8 14. h3 Nd7
15. e4 Ndxe5 16. dxe5 Nxe5 17. Nxe5 Rxe5 18. exd5 cxd5 19. Nxd5 Qa5 20. b4 Qa3
21. Rd3 Bf5 22. Rxa3 Bxc2 23. Rxc2 Re1+ 24. Kh2 Rb1 25. Rc7 a5 26. Rxb7 Re8 27.
Rxa5 Re2 1-0

[Event "Autumn Cup"]
[Site "Wellington Chess Club"]
[Date "2012.05.08"]
[Round "2"]
[White "Wastney, Scott"]
[Black "Nyberg, Michael"]
[Result "1-0"]
[WhiteElo "2388"]
[BlackElo "2076"]

1. e4 c5 2. Nf3 d6 3. d4 cxd4 4. Nxd4 Nf6 5. Nc3 a6 6. a4 g6 7. Be2 Bg7 8. O-O
O-O 9. Be3 Nc6 10. f4 Qc7 11. Qd2 Rd8 12. Kh1 Bg4 13. Bxg4 Nxg4 14. Nd5 Qa5 15.
Nxc6 Qxd2 16. Ncxe7+ Kf8 17. Bxd2 Bxb2 18. Rab1 Bd4 19. Be1 b5 1-0

[Event "Autumn Cup"]
[Site "Wellington Chess Club"]
[Date "2012.05.15"]
[Round "3"]
[White "Anderson, Gordon"]
[Black "Cook, John"]
[Result "0-1"]
[WhiteElo "1652"]
[BlackElo "1648"]

1. d4 d5 2. Nf3 Nf6 3. Nc3 e6 4. a3 Be7 5. Bg5 O-O 6. e3 h6 7. Bxf6 Bxf6 8. Bd3
a6 9. O-O Nc6 10. b4 b5 11. Rb1 Bb7 12. a4 bxa4 13. Nxa4 Be7 14. Nc5 Bxc5 15.
bxc5 Rb8 16. c4 a5 17. cxd5 Qxd5 18. Re1 Rfd8 19. Qb3 Nb4 20. Qxd5 Bxd5 21. Be2
a4 22. Ne5 a3 23. Bc4 a2 24. Rb3 Bxc4 25. Nxc4 Nc2 26. Rxb8 Rxb8 0-1

[Event "Autumn Cup"]
[Site "Wellington Chess Club"]
[Date "2012.05.15"]
[Round "3"]
[White "Farrington, Lawrence"]
[Black "Stoeveken, Peter"]
[Result "0-1"]
[WhiteElo "1767"]
[BlackElo "1888"]

1. e4 e6 2. d4 d5 3. Nc3 Bb4 4. e5 c5 5. a3 Ba5 6. Nf3 Nc6 7. Bb5 Ne7 8. dxc5
Bxc3+ 9. bxc3 Qa5 10. Qd3 a6 11. Bxc6+ Nxc6 12. Bd2 Qxc5 13. Be3 Qa5 14. O-O
Ne7 15. Rfb1 Bd7 16. Bb6 Qa4 17. Rb4 Qc6 18. Bd4 b5 19. a4 O-O 20. axb5 axb5
21. Rxa8 Rxa8 22. Rb1 Rc8 23. g4 Qc7 24. Rb2 Qa5 25. Nd2 Qc7 26. Ra2 Nc6 27. f4
f6 28. Nf3 b4 29. Rb2 Qa5 30. cxb4 Nxb4 31. Qd2 Qa1+ 32. Kg2 Nc6 33. Rb7 Nxd4
34. Nxd4 Bc6 35. Rb6 Qa4 36. Qb4 Qa8 37. Nxe6 d4+ 38. Kg3 Bh1 39. Qd2 Rc3+ 40.
Kh4 Qf3 41. Rb8+ Kf7 42. Ng5+ fxg5+ 43. Kxg5 h6+ 0-1

[Event "Autumn Cup"]
[Site "Wellington Chess Club"]
[Date "2012.05.15"]
[Round "3"]
[White "Hewson, Michael"]
[Black "Brockway, Andrew"]
[Result "1/2-1/2"]
[WhiteElo "1799"]
[BlackElo "1813"]

1. e4 c5 2. Nf3 g6 3. d4 cxd4 4. Qxd4 Nf6 5. e5 Nc6 6. Qa4 Nd5 7. Qe4 Nc7 8.
Nc3 Bg7 9. Bc4 b5 10. Bb3 Na5 11. Bf4 Bb7 12. Qe2 Nxb3 13. axb3 a6 14. Rd1 O-O
15. O-O b4 16. Ne4 Ne6 17. Bg3 Bc6 18. Nd4 Nxd4 19. Rxd4 Bb5 20. Qd2 Bxf1 21.
Rxd7 Qb6 22. Kxf1 Rfd8 23. Rxd8+ Rxd8 24. Qe2 Qd4 25. c3 Qd1+ 26. Qxd1 Rxd1+
27. Ke2 Rb1 28. c4 Rxb2+ 29. Kd3 Rxb3+ 30. Kc2 Rxg3 31. hxg3 Bxe5 32. Kb3 a5
33. f4 Bc7 34. c5 Kf8 35. Ka4 Ke8 36. Ng5 h6 37. Ne4 Kd7 38. Nd2 Kc6 39. Nb3 e5
40. fxe5 Bxe5 41. Kxa5 Bxg3 42. Kxb4 Bc7 43. Kc4 Kd7 44. Kd5 h5 45. Nd4 h4 46.
Nf3 Bg3 47. Ne5+ Bxe5 48. Kxe5 f5 (48... g5 49. Kf5 f6 50. Kg4 Kc6 51. Kf5 Kxc5
52. Kg4 Kd5 53. Kf3 f5 54. Kf2 Ke4) 49. Kf4 h3 50. gxh3 Kc6 51. h4 Kxc5 1/2-1/2